000
00419nam a22001337a 4500
003
SGT
020
_a
8185720916
082
_a
891.4309
_b
O97P
100
_a
प्रभाकर, चंद्रप्रकाश
245
_a
औं सां : सु ची और बर्मा की जनक्रांति
260
_b
इरावदी प्रकाशन
_c
1997
300
_a
555
942
_2
ddc
_c
BK
999
_c
31406
_d
31406